Problems and solutions in mathematical finance (Record no. 44341)

MARC details
000 -LEADER
fixed length control field 00650nam a2200217Ia 4500
008 - FIXED-LENGTH DATA ELEMENTS--GENERAL INFORMATION
fixed length control field 191130s2016##################000#0#eng##
020 ## - INTERNATIONAL STANDARD BOOK NUMBER
International Standard Book Number 9781680942064
040 ## - CATALOGING SOURCE
Original cataloging agency ACL
Transcribing agency ACL
082 ## - DEWEY DECIMAL CLASSIFICATION NUMBER
Classification number 332.0151922 SMI
245 ## - TITLE STATEMENT
Title Problems and solutions in mathematical finance
Statement of responsibility, etc. Editor James Smith
260 ## - PUBLICATION, DISTRIBUTION, ETC.
Place of publication, distribution, etc. New York
Name of publisher, distributor, etc. Arcler Press
Date of publication, distribution, etc. 2016
300 ## - PHYSICAL DESCRIPTION
Extent x, 198 p. : ill. ; 25 cm
650 ## - SUBJECT ADDED ENTRY--TOPICAL TERM
Topical term or geographic name entry element Computation and analysis
Topical term or geographic name entry element Mathematical Finance
Topical term or geographic name entry element Numerical solution
Topical term or geographic name entry element Problem and Solution Mathematics
700 ## - ADDED ENTRY--PERSONAL NAME
Personal name Smith, James
990 ## - EQUIVALENCES OR CROSS-REFERENCES [LOCAL, CANADA]
Link information for 9XX fields a04c52e1ac100b4558134e47d778a171
991 ## -
-- 453823
Holdings
Withdrawn status Lost status Materials specified (bound volume or other part) Damaged status Not for loan Home library Current library Shelving location Date acquired Total Checkouts Full call number Barcode Date last seen Price effective from Koha item type
    hbk     Anna Centenary Library Anna Centenary Library 4TH FLOOR, A WING 09.10.2020   332.0151922 SMI 586020 09.10.2020 09.10.2020 English Books

Find us on the map